[Event "Tenerife-chT Segunda-A 1819"]
[Site "Tenerife"]
[Date "2019.02.09"]
[Round "7.3"]
[White "Lugo Lugo, Vladimiro"]
[Black "Garcia Cruz, Francisco"]
[Result "1-0"]
[WhiteElo "1280"]
[BlackElo "1436"]
[PlyCount "60"]
[EventDate "2018.11.24"]
[EventType "team-tourn"]
[EventRounds "14"]
[EventCountry "ESP"]
[SourceTitle "CBM 189 Extra"]
[Source "ChessBase"]
[SourceDate "2019.05.31"]
[SourceVersion "1"]
[SourceVersionDate "2019.05.31"]
[SourceQuality "1"]
[WhiteTeam "Playa San Juan"]
[BlackTeam "El Recreo"]
[WhiteTeamCountry "ESP"]
[BlackTeamCountry "ESP"]

1. e4 d5 2. exd5 Qxd5 3. Nc3 Qa5 4. d4 Nf6 5. Bd3 Bg4 6. Nge2 e6 7. 0-0 c6 8. Bd2 Qc7 9. a3 Bd6 10. g3 Nbd7 11. Ne4 Nxe4 12. Bxe4 Nf6 13. Bg2 h5 14. h3 Bf5 15. Bf4 0-0-0 16. Bxd6 Rxd6 17. c3 g5 18. Qa4 Kb8 19. b4 Bd3 20. Rfe1 Nd5 21. c4 Bxc4 22. Qc2 Ba6 23. Rac1 Qb6 24. Red1 Ne7 25. Rb1 Bxe2 26. Qxe2 Rxd4 27. Qe5+ Qc7 28. Qxh8+ Qd8 29. Qxd8+ Rxd8 30. Rxd8+ Kc7 1-0

[Event "ESP-ch FEDC 27th"]
[Site "Almunecar"]
[Date "2018.11.28"]
[Round "3"]
[White "Garcia Cruz, Francisco"]
[Black "Sanchez Ruiz, Piedad Esmeralda"]
[Result "1-0"]
[WhiteElo "1436"]
[BlackElo "1685"]
[PlyCount "63"]
[EventDate "2018.11.26"]
[EventType "swiss"]
[EventRounds "8"]
[EventCountry "ESP"]
[SourceTitle "EXT 2024"]
[Source "ChessBase"]
[SourceDate "2023.10.10"]
[SourceVersion "1"]
[SourceVersionDate "2023.10.10"]
[SourceQuality "1"]

1. d4 d5 2. Bf4 Nf6 3. e3 c6 4. Bd3 e6 5. Nd2 Bd6 6. Bg3 Bxg3 7. hxg3 Nbd7 8. f4 c5 9. c3 a6 10. g4 cxd4 11. cxd4 Qa5 12. a3 Nf8 13. b4 Qb6 14. g5 Ng8 15. Ngf3 Ne7 16. Ne5 Bd7 17. Nxd7 Kxd7 18. Nb3 Nc6 19. Nc5+ Ke7 20. Qf3 g6 21. g4 Nd7 22. f5 Raf8 23. f6+ Kd8 24. Rb1 Qc7 25. Kf2 Nb6 26. b5 axb5 27. Rxb5 Na7 28. Rb3 Nac8 29. Kg2 Nd6 30. Rhb1 Nbc4 31. Nxb7+ Nxb7 32. Rxb7 1-0

[Event "Benidorm FEDC op 20th"]
[Site "Benidorm"]
[Date "2018.06.15"]
[Round "6"]
[White "Dos Reis Cabrera, Jose Manuel"]
[Black "Garcia Cruz, Francisco"]
[Result "1-0"]
[WhiteElo "1262"]
[BlackElo "1459"]
[PlyCount "75"]
[EventDate "2018.06.10"]
[EventType "swiss"]
[EventRounds "7"]
[EventCountry "ESP"]
[SourceTitle "CBM 184 Extra"]
[Source "ChessBase"]
[SourceDate "2018.06.28"]
[SourceVersion "1"]
[SourceVersionDate "2018.06.28"]
[SourceQuality "1"]

1. e4 c5 2. c3 Nc6 3. d4 cxd4 4. cxd4 e6 5. Nf3 a6 6. Nc3 Bb4 7. Bd3 Nge7 8. 0-0 0-0 9. Bg5 f6 10. Bh4 Bd6 11. d5 Ne5 12. Nxe5 Bxe5 13. Rc1 b5 14. f4 Bd4+ 15. Kh1 Qb6 16. b3 Bb7 17. dxe6 dxe6 18. e5 Ng6 19. Bxg6 hxg6 20. exf6 gxf6 21. Qg4 Kg7 22. Ne2 f5 23. Qg3 Bc5 24. Qc3+ Kh6 25. Bg5+ Kh7 26. Qxc5 Qa7 27. Qc7+ Kg8 28. Qe5 Bd5 29. Bh6 Rf7 30. Nd4 Qb7 31. Rg1 Qb6 32. Nf3 Rh7 33. Bg5 Bxf3 34. gxf3 Qf2 35. Qxe6+ Rf7 36. Qxg6+ Rg7 37. Qe6+ Rf7 38. Bh6+ 1-0

[Event "Benidorm FEDC op 20th"]
[Site "Benidorm"]
[Date "2018.06.14"]
[Round "5"]
[White "Garcia Cruz, Francisco"]
[Black "Merino Gomez, Aurelio"]
[Result "0-1"]
[WhiteElo "1459"]
[BlackElo "1584"]
[PlyCount "122"]
[EventDate "2018.06.10"]
[EventType "swiss"]
[EventRounds "7"]
[EventCountry "ESP"]
[SourceTitle "CBM 184 Extra"]
[Source "ChessBase"]
[SourceDate "2018.06.28"]
[SourceVersion "1"]
[SourceVersionDate "2018.06.28"]
[SourceQuality "1"]

1. d4 Nf6 2. Bf4 e6 3. e3 d5 4. Bd3 Nbd7 5. Nd2 Bd6 6. Bg3 e5 7. Bf5 Qe7 8. c3 h6 9. h3 exd4 10. Bxd6 Qxd6 11. cxd4 0-0 12. Ngf3 Re8 13. 0-0 c6 14. Rc1 g6 15. Bb1 Kg7 16. Qc2 Ne4 17. Nxe4 dxe4 18. Nd2 Nf6 19. Nc4 Qe7 20. a3 Be6 21. Ne5 Nd7 22. Qxe4 Bf5 23. Qf4 Bxb1 24. Nxd7 Qxd7 25. Rxb1 Re6 26. Rbc1 Rae8 27. Rc3 Re4 28. Qg3 Qe6 29. Re1 Rxd4 30. Rec1 Rd2 31. R3c2 Red8 32. Qf3 R8d5 33. g4 Qd6 34. Kg2 h5 35. Qg3 Qd7 36. Rxd2 Rxd2 37. gxh5 Qd5+ 38. Qf3 Qg5+ 39. Qg3 Qxh5 40. b4 Rd5 41. f4 Rd2+ 42. Kg1 Rd3 43. Qg4 Qd5 44. Rc5 Rd1+ 45. Kf2 Rd2+ 46. Ke1 Qa2 47. f5 Rg2 48. fxg6 Rxg4 49. hxg4 fxg6 50. e4 Qxa3 51. Rc4 Qg3+ 52. Ke2 Qxg4+ 53. Kd3 Qe6 54. Kc3 b5 55. Rd4 Qe5 56. Kd3 c5 57. Rd7+ Kh6 58. Rxa7 c4+ 59. Ke3 Qc3+ 60. Kf4 Qxb4 61. Ke5 Qc5+ 0-1

[Event "Benidorm FEDC op 20th"]
[Site "Benidorm"]
[Date "2018.06.12"]
[Round "3"]
[White "Garcia Cruz, Francisco"]
[Black "Espadina Solano, Jaime E"]
[Result "0-1"]
[WhiteElo "1459"]
[BlackElo "1616"]
[PlyCount "48"]
[EventDate "2018.06.10"]
[EventType "swiss"]
[EventRounds "7"]
[EventCountry "ESP"]
[SourceTitle "CBM 184 Extra"]
[Source "ChessBase"]
[SourceDate "2018.06.28"]
[SourceVersion "1"]
[SourceVersionDate "2018.06.28"]
[SourceQuality "1"]

1. d4 Nf6 2. Bf4 g6 3. f3 d5 4. c3 Bg7 5. Nd2 Nbd7 6. e4 dxe4 7. fxe4 Nh5 8. Be3 e5 9. Ngf3 exd4 10. cxd4 0-0 11. Bc4 c5 12. 0-0 cxd4 13. Nxd4 Ne5 14. Bd5 Ng4 15. Qf3 Qc7 16. g3 Ne5 17. Qf2 Bh3 18. Rfc1 Qd7 19. N2f3 Nd3 20. Qd2 Nxc1 21. Rxc1 Nf6 22. Ne5 Qe7 23. Nef3 Nxd5 24. exd5 Bxd4 0-1

[Event "Tenerife-chT3 1718"]
[Site "Tenerife"]
[Date "2018.05.05"]
[Round "17.1"]
[White "Garcia Cruz, Francisco"]
[Black "Mendoza de Leon, Alvaro"]
[Result "1/2-1/2"]
[WhiteElo "1500"]
[BlackElo "1343"]
[PlyCount "68"]
[EventDate "2017.11.11"]
[EventType "team-tourn"]
[EventRounds "18"]
[EventCountry "ESP"]
[SourceTitle "EXT 2021"]
[Source "ChessBase"]
[SourceDate "2020.10.23"]
[SourceVersion "1"]
[SourceVersionDate "2020.10.23"]
[SourceQuality "1"]
[WhiteTeam "Circulo de Amistad XII Enero III"]
[BlackTeam "Piratas La Orotava"]
[WhiteTeamCountry "ESP"]
[BlackTeamCountry "ESP"]

1. d4 e5 2. dxe5 d6 3. exd6 cxd6 4. e4 Nc6 5. Nc3 Qc7 6. Nf3 f5 7. Bd3 Qa5 8. exf5 Bxf5 9. Qe2+ Be7 10. 0-0 Nf6 11. Bxf5 Qxf5 12. Re1 0-0 13. Be3 d5 14. a3 Rfe8 15. Rad1 Bc5 16. Qd3 Qxd3 17. cxd3 d4 18. Na4 dxe3 19. Nxc5 e2 20. Rd2 b6 21. Nb3 Rad8 22. Nc1 Rd7 23. Rdxe2 Rde7 24. Rxe7 Rxe7 25. Rxe7 Nxe7 26. Ne5 Ned5 27. f3 Kf8 28. Kf2 Ke7 29. Nc6+ Kd6 30. Nxa7 Kc5 31. Nb3+ Kd6 32. d4 Ke6 33. Nc6 Kd6 34. Ne5 Nf4 1/2-1/2

[Event "Santa Cruz qual ONCE"]
[Site "Santa Cruz de Tenerife"]
[Date "2017.09.??"]
[Round "5.4"]
[White "Garcia Cruz, Francisco"]
[Black "Alvarado Garcia, Francisco Javier"]
[Result "0-1"]
[WhiteElo "1500"]
[BlackElo "1270"]
[PlyCount "54"]
[EventDate "2017.09.01"]
[EventType "tourn"]
[EventRounds "6"]
[EventCountry "ESP"]
[SourceTitle "EXT 2024"]
[Source "ChessBase"]
[SourceDate "2023.10.10"]
[SourceVersion "1"]
[SourceVersionDate "2023.10.10"]
[SourceQuality "1"]

1. d4 d5 2. Nf3 Bf5 3. e3 a6 4. c4 Nc6 5. a3 Nf6 6. Nc3 e6 7. Qb3 Na5 8. Qa4+ Nc6 9. cxd5 Nxd5 10. Ne5 Nxc3 11. bxc3 Qd5 12. Nxc6 bxc6 13. f3 Qd7 14. Bxa6 Be7 15. Qc4 0-0 16. Bb7 Rab8 17. Bxc6 Qd6 18. e4 Bh4+ 19. Ke2 Bg6 20. g3 Bxg3 21. hxg3 Qxg3 22. Rf1 Bh5 23. Qd3 f5 24. e5 Bg6 25. f4 Bh5+ 26. Bf3 Be8 27. Rf2 Qh4 0-1

[Event "Almunecar FEDC op 17th"]
[Site "Almunecar"]
[Date "2016.09.30"]
[Round "6"]
[White "Garcia Cruz, Francisco"]
[Black "Garcia Cervigon, Cecilio"]
[Result "0-1"]
[WhiteElo "1485"]
[BlackElo "1802"]
[PlyCount "76"]
[EventDate "2016.09.25"]
[EventType "swiss"]
[EventRounds "7"]
[EventCountry "ESP"]
[SourceTitle "EXT 2017"]
[Source "ChessBase"]
[SourceDate "2016.10.25"]
[SourceVersion "1"]
[SourceVersionDate "2016.10.25"]
[SourceQuality "1"]

1. d4 d5 2. Nf3 Nf6 3. Bg5 Ne4 4. Bh4 Nd7 5. Nbd2 Ndf6 6. Ne5 Nxd2 7. Qxd2 Ne4 8. Qf4 f6 9. f3 g5 10. Bxg5 Nxg5 11. 0-0-0 Ne6 12. Qh4 fxe5 13. Qh5+ Kd7 14. dxe5 Qe8 15. Rxd5+ Kc6 16. Qxe8+ Kxd5 17. Qb5+ c5 18. e4+ Kxe5 19. Bc4 a6 20. Qb3 Nd4 21. Qc3 Bg7 22. f4+ Kd6 23. e5+ Kc6 24. Re1 Bf5 25. Bd3 Bxd3 26. cxd3 Rad8 27. Re4 Rd5 28. Kb1 Rhd8 29. b4 Nb5 30. Qb3 b6 31. bxc5 bxc5 32. Re3 e6 33. a4 Nd4 34. Qc4 Rb8+ 35. Ka2 Rb6 36. a5 Rb5 37. Qa4 Nb3 38. d4 Rxd4 0-1

[Event "Almunecar FEDC op 17th"]
[Site "Almunecar"]
[Date "2016.09.29"]
[Round "5"]
[White "Venegas Nuno, Francisco"]
[Black "Garcia Cruz, Francisco"]
[Result "1/2-1/2"]
[WhiteElo "1621"]
[BlackElo "1485"]
[PlyCount "98"]
[EventDate "2016.09.25"]
[EventType "swiss"]
[EventRounds "7"]
[EventCountry "ESP"]
[SourceTitle "EXT 2017"]
[Source "ChessBase"]
[SourceDate "2016.10.25"]
[SourceVersion "1"]
[SourceVersionDate "2016.10.25"]
[SourceQuality "1"]

1. e4 d5 2. exd5 Qxd5 3. Nc3 Qa5 4. d4 c6 5. Nf3 Bg4 6. h3 Bh5 7. Be2 e6 8. 0-0 Nd7 9. Ne4 Qc7 10. c4 Ngf6 11. Nxf6+ Nxf6 12. Ne5 Bg6 13. Bf4 Bd6 14. c5 Bxe5 15. Bxe5 Qe7 16. Qb3 Nd5 17. Rfe1 f6 18. Bd6 Qd7 19. Bg4 f5 20. Bf3 Kf7 21. Bxd5 cxd5 22. Re3 Rhe8 23. Rae1 Kg8 24. Qb4 a5 25. Qb6 Bf7 26. Rb3 Ra6 27. Qxb7 Rxd6 28. cxd6 Qxd6 29. Re5 g5 30. Qb6 Qd8 31. Qxd8 Rxd8 32. Re2 Rc8 33. Rc3 Rb8 34. b3 Kg7 35. Rc7 Kf6 36. Rec2 Bg6 37. Rb2 a4 38. Rc3 axb3 39. Rbxb3 Ra8 40. a3 f4 41. Rb4 h6 42. a4 Be8 43. Ra3 Ra5 44. f3 Kf5 45. Rb8 Bd7 46. Rb7 Bc6 47. Rc7 Be8 48. Rc5 Rxa4 49. Rxa4 Bxa4 1/2-1/2

[Event "Almunecar FEDC op 17th"]
[Site "Almunecar"]
[Date "2016.09.27"]
[Round "3"]
[White "Jimenez Mahillo, David"]
[Black "Garcia Cruz, Francisco"]
[Result "0-1"]
[WhiteElo "1324"]
[BlackElo "1485"]
[PlyCount "56"]
[EventDate "2016.09.25"]
[EventType "swiss"]
[EventRounds "7"]
[EventCountry "ESP"]
[SourceTitle "EXT 2017"]
[Source "ChessBase"]
[SourceDate "2016.10.25"]
[SourceVersion "1"]
[SourceVersionDate "2016.10.25"]
[SourceQuality "1"]

1. e4 d5 2. exd5 Qxd5 3. Nc3 Qa5 4. Nf3 Bg4 5. Bc4 e6 6. a3 c6 7. h3 Bh5 8. 0-0 Nd7 9. Be2 Ngf6 10. d4 Qc7 11. Nh2 Bg6 12. Nf3 h6 13. Nh4 Bh7 14. Nf3 g5 15. Re1 g4 16. hxg4 Nxg4 17. g3 Ndf6 18. Bf4 Bd6 19. Bxd6 Qxd6 20. Bd3 0-0-0 21. Bxh7 Rxh7 22. Ne4 Nxe4 23. Rxe4 f5 24. Re2 h5 25. Ng5 Re7 26. Qd3 Kc7 27. Rd1 h4 28. gxh4 Qh2+ 0-1

[Event "Almunecar FEDC op 17th"]
[Site "Almunecar"]
[Date "2016.09.26"]
[Round "2"]
[White "Garcia Cruz, Francisco"]
[Black "Alarcon Alarcon, Marina"]
[Result "1-0"]
[WhiteElo "1485"]
[BlackElo "1247"]
[PlyCount "95"]
[EventDate "2016.09.25"]
[EventType "swiss"]
[EventRounds "7"]
[EventCountry "ESP"]
[SourceTitle "EXT 2017"]
[Source "ChessBase"]
[SourceDate "2016.10.25"]
[SourceVersion "1"]
[SourceVersionDate "2016.10.25"]
[SourceQuality "1"]

1. d4 d5 2. c4 Nf6 3. Bg5 e6 4. e3 Be7 5. Nf3 Nbd7 6. Nc3 c6 7. Qc2 h6 8. Bh4 g5 9. Bg3 Nh5 10. cxd5 exd5 11. Be2 Nxg3 12. hxg3 Bf6 13. 0-0-0 Bg7 14. Nd2 Nf6 15. f4 Bg4 16. fxg5 Bxe2 17. gxf6 Qxf6 18. Nxe2 0-0-0 19. Rdf1 Qe7 20. Qf5+ Qe6 21. Rh5 Qxf5 22. Rhxf5 f6 23. Nf4 Rd6 24. Nh5 Rg8 25. Nxg7 Rxg7 26. Rxf6 Rxf6 27. Rxf6 Rxg3 28. Rxh6 Rxg2 29. Kc2 b5 30. Rxc6+ Kb7 31. Rc5 Re2 32. Kd3 Rh2 33. Rxb5+ Kc6 34. a4 a6 35. Rc5+ Kd6 36. Ra5 Rh1 37. Rxa6+ Kc7 38. Nf3 Rb1 39. Kc3 Rd1 40. Ne5 Kb7 41. Rc6 Ra1 42. Kb4 Rd1 43. Kb5 Ra1 44. a5 Rd1 45. Rb6+ Ka8 46. Nc6 Rc1 47. Ra6+ Kb7 48. Ra7+ 1-0

[Event "Almunecar FEDC op 17th"]
[Site "Almunecar"]
[Date "2016.09.25"]
[Round "1"]
[White "Septien Lopez, Valeriano"]
[Black "Garcia Cruz, Francisco"]
[Result "1-0"]
[WhiteElo "1872"]
[BlackElo "1485"]
[PlyCount "37"]
[EventDate "2016.09.25"]
[EventType "swiss"]
[EventRounds "7"]
[EventCountry "ESP"]
[SourceTitle "EXT 2017"]
[Source "ChessBase"]
[SourceDate "2016.10.25"]
[SourceVersion "1"]
[SourceVersionDate "2016.10.25"]
[SourceQuality "1"]

1. e4 g6 2. d4 Bg7 3. Be3 d6 4. Nc3 a6 5. a4 Nd7 6. Nf3 e6 7. Qd2 h5 8. Bc4 Nh6 9. h3 Nb6 10. Bb3 Qe7 11. Bg5 f6 12. Be3 Bd7 13. a5 Nc8 14. 0-0-0 g5 15. e5 g4 16. Nh4 Qf7 17. f4 f5 18. d5 dxe5 19. dxe6 1-0

[Event "Benidorm FEDC op 16th"]
[Site "Benidorm"]
[Date "2016.06.17"]
[Round "6.9"]
[White "Dos Reis Cabrera, Jose Manuel"]
[Black "Garcia Cruz, Francisco"]
[Result "0-1"]
[WhiteElo "1178"]
[BlackElo "1488"]
[PlyCount "118"]
[EventDate "2016.06.12"]
[EventType "swiss"]
[EventRounds "7"]
[EventCountry "ESP"]
[SourceTitle "EXT 2024"]
[Source "ChessBase"]
[SourceDate "2023.10.10"]
[SourceVersion "1"]
[SourceVersionDate "2023.10.10"]
[SourceQuality "1"]

1. e4 d5 2. exd5 Qxd5 3. Nc3 Qa5 4. d4 c6 5. Bd2 Qc7 6. Nf3 Bg4 7. Bc4 e6 8. Be2 Nf6 9. Ne5 Bxe2 10. Qxe2 Bd6 11. Ng4 Nbd7 12. Bg5 0-0-0 13. 0-0-0 h6 14. Bd2 Rhe8 15. Ne3 Nb6 16. Nc4 Be7 17. Nxb6+ Qxb6 18. Be3 Nd5 19. Nxd5 Rxd5 20. Rd3 Qa6 21. a3 Red8 22. Qe1 Bf6 23. Qc3 Kb8 24. Re1 c5 25. Bf4+ Ka8 26. Be5 cxd4 27. Bxd4 Bxd4 28. Qb3 Qb6 29. Qa2 Bxf2 30. Red1 Rxd3 31. cxd3 Be3+ 32. Kb1 Qb5 33. Kc2 Rc8+ 34. Kb1 Qc6 35. Qb3 Qxg2 36. Qa4 Qd5 37. Qg4 Qe5 38. d4 Qf6 39. d5 Qf5+ 40. Qxf5 exf5 41. d6 Bb6 42. d7 Rd8 43. Kc2 Kb8 44. Rd5 Kc7 45. Rxf5 Rxd7 46. Rf3 g5 47. Rc3+ Kd6 48. Rd3+ Ke6 49. Rf3 f5 50. h3 f4 51. Rf1 Be3 52. Rd1 Rxd1 53. Kxd1 Ke5 54. Ke2 Ke4 55. b4 h5 56. a4 g4 57. hxg4 hxg4 58. b5 g3 59. Kf1 Kf3 0-1

[Event "Canarias-ch Seniors"]
[Site "Vecindario"]
[Date "2016.05.30"]
[Round "6.4"]
[White "Garcia de la Banda, Francisco"]
[Black "Garcia Cruz, Francisco"]
[Result "1-0"]
[WhiteElo "1891"]
[BlackElo "1481"]
[PlyCount "49"]
[EventDate "2016.05.27"]
[EventType "swiss"]
[EventRounds "6"]
[EventCountry "ESP"]
[SourceTitle "EXT 2024"]
[Source "ChessBase"]
[SourceDate "2023.10.10"]
[SourceVersion "1"]
[SourceVersionDate "2023.10.10"]
[SourceQuality "1"]

1. e3 d5 2. f4 Nf6 3. b3 Bg4 4. Be2 Bxe2 5. Qxe2 Nc6 6. Bb2 e6 7. Nf3 Bd6 8. 0-0 a6 9. d3 0-0 10. Nbd2 b5 11. Ne5 Ne7 12. c4 Nd7 13. Rac1 c5 14. Qg4 Nxe5 15. fxe5 Bc7 16. Rf3 Ng6 17. Rg3 dxc4 18. d4 Bxe5 19. Rh3 cxd4 20. Nf3 c3 21. Ba3 Bd6 22. Bxd6 Qxd6 23. Rxh7 e5 24. Qh5 f5 25. Ng5 1-0

[Event "Tenerife-chT Primera 1516"]
[Site "Tenerife"]
[Date "2016.04.02"]
[Round "11.3"]
[White "Garcia Cruz, Francisco"]
[Black "Afonso Martin, Adasat"]
[Result "1/2-1/2"]
[WhiteElo "1542"]
[BlackElo "1673"]
[PlyCount "88"]
[EventDate "2015.12.12"]
[EventType "team-tourn"]
[EventRounds "14"]
[EventCountry "ESP"]
[SourceTitle "EXT 2017"]
[Source "ChessBase"]
[SourceDate "2016.10.25"]
[SourceVersion "1"]
[SourceVersionDate "2016.10.25"]
[SourceQuality "1"]
[WhiteTeam "Circulo de Amistad"]
[BlackTeam "La Victoria 94"]
[WhiteTeamCountry "ESP"]
[BlackTeamCountry "ESP"]

1. Nf3 Nf6 2. d4 g6 3. Nbd2 d5 4. h3 Bg7 5. e3 0-0 6. Bd3 Nbd7 7. 0-0 c5 8. c4 Re8 9. cxd5 Nxd5 10. Qb3 e6 11. Nc4 Qc7 12. Bd2 a6 13. e4 Nf4 14. Ba5 Qc6 15. Nfe5 Nxe5 16. Nxe5 Bxe5 17. dxe5 b6 18. Bd2 Nxd3 19. Qxd3 Bb7 20. f3 Red8 21. Qc3 c4 22. Bg5 Rd3 23. Qc2 Rc8 24. Kh1 Qc5 25. Bf6 Rc7 26. Rfd1 Rcd7 27. Rac1 b5 28. Rxd3 Rxd3 29. b3 Qd4 30. bxc4 bxc4 31. Qxc4 Rd1+ 32. Rxd1 Qxd1+ 33. Kh2 Qd7 34. Qb4 Qc8 35. Qd6 h6 36. h4 h5 37. Bg5 Qe8 38. Qd2 Bc6 39. Bf6 Kh7 40. Qa5 Qc8 41. Qc5 Qe8 42. g4 Bb5 43. gxh5 gxh5 44. Qe3 Qg8 1/2-1/2

[Event "Tenerife-chT Segunda 1516"]
[Site "Tenerife"]
[Date "2016.03.05"]
[Round "9.1"]
[White "Perez Garcia, Saul"]
[Black "Garcia Cruz, Francisco"]
[Result "1-0"]
[WhiteElo "1572"]
[BlackElo "1542"]
[PlyCount "21"]
[EventDate "2015.12.12"]
[EventType "team-tourn"]
[EventRounds "15"]
[EventCountry "ESP"]
[SourceTitle "EXT 2017"]
[Source "ChessBase"]
[SourceDate "2016.10.25"]
[SourceVersion "1"]
[SourceVersionDate "2016.10.25"]
[SourceQuality "1"]
[WhiteTeam "Casa de Venezuela"]
[BlackTeam "Circulo de Amistad II"]
[WhiteTeamCountry "ESP"]
[BlackTeamCountry "ESP"]

1. d4 d5 2. c4 c6 3. Nc3 Nf6 4. Bg5 Nbd7 5. Nf3 Qa5 6. Bd2 Qc7 7. cxd5 cxd5 8. Rc1 Qd8 9. Nb5 Nb6 10. Nc7+ Kd7 11. Ne5+ 1-0

[Event "Tenerife-chT Primera 1516"]
[Site "Tenerife"]
[Date "2016.01.23"]
[Round "5.3"]
[White "Garcia Cruz, Francisco"]
[Black "Calvo Nobrega, Joaquin Manuel"]
[Result "0-1"]
[WhiteElo "1542"]
[BlackElo "1710"]
[PlyCount "44"]
[EventDate "2015.12.12"]
[EventType "team-tourn"]
[EventRounds "14"]
[EventCountry "ESP"]
[SourceTitle "CBM 170 Extra"]
[Source "ChessBase"]
[SourceDate "2016.02.25"]
[SourceVersion "1"]
[SourceVersionDate "2016.02.25"]
[SourceQuality "1"]
[WhiteTeam "Circulo de Amistad"]
[BlackTeam "Casa de Venezuela"]
[WhiteTeamCountry "ESP"]
[BlackTeamCountry "ESP"]

1. d4 Nf6 2. Nf3 g6 3. e3 Bg7 4. Nbd2 0-0 5. Bd3 d6 6. h3 Nbd7 7. 0-0 Qe8 8. e4 e5 9. d5 Nc5 10. Nb3 Nfd7 11. c4 Nxd3 12. Qxd3 f5 13. Ng5 Nf6 14. exf5 Bxf5 15. Qe2 Qd7 16. g4 Nxg4 17. hxg4 Bxg4 18. Qd3 h6 19. Qxg6 hxg5 20. Bxg5 Bh3 21. Bh6 Bxf1 22. Kxf1 Qh3+ 0-1

[Event "Santa Cruz Clasificatorio Once"]
[Site "Santa Cruz de Tenerife"]
[Date "2016.??.??"]
[Round "5.4"]
[White "Padron Hernandez, Oliver Antonio"]
[Black "Garcia Cruz, Francisco"]
[Result "0-1"]
[WhiteElo "1016"]
[BlackElo "1485"]
[PlyCount "52"]
[EventDate "2016.09.02"]
[EventType "tourn"]
[EventRounds "6"]
[EventCountry "ESP"]
[SourceTitle "EXT 2024"]
[Source "ChessBase"]
[SourceDate "2023.10.10"]
[SourceVersion "1"]
[SourceVersionDate "2023.10.10"]
[SourceQuality "1"]

1. e4 c5 2. Nc3 Nc6 3. Bc4 e6 4. a3 a6 5. d3 d6 6. Nf3 h6 7. 0-0 Nf6 8. Ba2 Be7 9. Be3 0-0 10. Bd2 d5 11. e5 Nd7 12. Re1 d4 13. Ne2 Ndxe5 14. Nxe5 Nxe5 15. Nf4 Qc7 16. Qe2 Bd6 17. Rac1 Nd7 18. g3 b6 19. c3 e5 20. Nd5 Qd8 21. cxd4 exd4 22. Nf4 Bb7 23. Qg4 Nf6 24. Qe2 Qd7 25. Ne6 Qc6 26. Nf4 Qh1# 0-1

[Event "Santa Cruz Clasificatorio Once"]
[Site "Santa Cruz de Tenerife"]
[Date "2016.??.??"]
[Round "6.1"]
[White "Ramirez Carrasco, Antonio"]
[Black "Garcia Cruz, Francisco"]
[Result "1-0"]
[WhiteElo "1783"]
[BlackElo "1485"]
[PlyCount "75"]
[EventDate "2016.09.02"]
[EventType "tourn"]
[EventRounds "6"]
[EventCountry "ESP"]
[SourceTitle "EXT 2024"]
[Source "ChessBase"]
[SourceDate "2023.10.10"]
[SourceVersion "1"]
[SourceVersionDate "2023.10.10"]
[SourceQuality "1"]

1. e4 d5 2. exd5 Qxd5 3. Nc3 Qa5 4. d4 c6 5. Bc4 Nf6 6. Nf3 Bf5 7. Bd2 Qc7 8. Ne5 e6 9. Qe2 Bd6 10. 0-0-0 b5 11. Bb3 a5 12. a3 b4 13. axb4 axb4 14. Na4 Nd5 15. Be1 Nb6 16. Nc5 Ra1+ 17. Kd2 Rxd1+ 18. Kxd1 Bxc5 19. dxc5 Nd5 20. Bxd5 cxd5 21. Qb5+ Nd7 22. Nxd7 Qxd7 23. c6 Qc7 24. Bxb4 f6 25. Ba5 Qa7 26. c7+ Kf7 27. Qd7+ Kg6 28. c8Q Qd4+ 29. Kc1 Rxc8 30. Qxc8 Qxf2 31. Bd2 Bg4 32. Qe8+ Kf5 33. h3 Qxg2 34. hxg4+ Kxg4 35. Qh5+ Kg3 36. Qh4+ Kf3 37. Qf4+ Ke2 38. Qe3# 1-0

[Event "FEDC Cup Div/1 16th"]
[Site "Cambrils"]
[Date "2015.11.24"]
[Round "3.4"]
[White "Garcia Cruz, Francisco"]
[Black "Ampudia Asensio, Jose Luis"]
[Result "1-0"]
[WhiteElo "1542"]
[BlackElo "1643"]
[PlyCount "95"]
[EventDate "2015.11.22"]
[EventType "team-tourn"]
[EventRounds "7"]
[EventCountry "ESP"]
[SourceTitle "CBM 169 Extra"]
[Source "ChessBase"]
[SourceDate "2015.12.18"]
[SourceVersion "1"]
[SourceVersionDate "2015.12.18"]
[SourceQuality "1"]
[WhiteTeam "Tenerife"]
[BlackTeam "Castilla y Leon"]
[WhiteTeamCountry "ESP"]
[BlackTeamCountry "ESP"]

1. d4 e6 2. c4 b6 3. Nc3 Bb7 4. Nf3 f5 5. Bg5 Be7 6. Bxe7 Kxe7 7. e3 Nf6 8. d5 Re8 9. Be2 Kf8 10. 0-0 e5 11. d6 cxd6 12. Qxd6+ Qe7 13. Rad1 Na6 14. Nh4 g6 15. Rd2 Rac8 16. Nb5 Nc5 17. f3 a6 18. Qxe7+ Rxe7 19. Nd6 Rc7 20. Nxb7 Rxb7 21. b4 Ne6 22. Rfd1 Ng7 23. g3 Kf7 24. c5 b5 25. Kf2 e4 26. g4 fxg4 27. fxg4 Ne6 28. Kg3 Rb8 29. Rf1 Kg7 30. Rd6 Ra8 31. Ng2 a5 32. Bxb5 axb4 33. Rf2 Nxc5 34. Rdxf6 Rxa2 35. Rxa2 Kxf6 36. Rf2+ Kg7 37. Nf4 Re5 38. Bc4 Nd3 39. Nxd3 exd3 40. Bxd3 Rxe3+ 41. Rf3 Re1 42. Bc4 Rd1 43. Rf7+ Kh6 44. h4 Rg1+ 45. Kh3 Rh1+ 46. Kg3 Rg1+ 47. Kf4 Rf1+ 48. Bxf1 1-0